00532nam a22001817a 45000010005000000030004000050050017000090070003000260080041000290240014000700240020000840400008001041000017001122450056001292600087001854900036002728300042003086103OSt20170921101517.0tu161220s2001 fi ||||| |||||||||||eng d7 a61032RID7 a61032RSN (alt) cOSt1 aVetlov, Igor10aDollarization in Lithuania: An Econometric Approach aHelsinki :bInstitute for Economies in Transition, Bank of Finland (BOFIT),c2001.1 aBOFIT Discussion Papersv1/2001 0tBOFIT Discussion Papersv1/2001w7888